"Pendu" des départements français - Aléatoire - Statistiques

Statistiques générales
  • Ce quiz a été pris 7 124 fois
  • Le résultat moyen est 4 sur 6
Statistiques - réponses
Lettre % Correct
A
97%
A
97%
E
97%
E
97%
E
97%
E
97%
É
97%
E
97%
A
95%
È
95%
E
95%
E
95%
E
95%
A
93%
E
93%
È
93%
E
93%
E
93%
I
93%
A
92%
E
92%
A
91%
È
91%
E
91%
A
90%
A
89%
A
88%
E
88%
I
88%
E
86%
E
85%
E
85%
O
84%
I
83%
R
83%
L
81%
L
81%
R
81%
R
79%
L
78%
R
77%
I
74%
T
74%
I
73%
O
69%
G
67%
R
65%
N
64%
I
63%
N
61%
N
61%
N
61%
S
61%
V
61%
D
60%
L
60%
V
60%
O
59%
R
59%
L
58%
L
58%
N
58%
R
58%
N
57%
O
57%
T
55%
V
55%
C
54%
S
54%
S
54%
S
53%
D
52%
U
52%
N
50%
T
50%
Z
49%
M
48%
C
46%
V
44%
H
43%
S
39%
S
39%
C
38%
H
38%
N
38%
U
34%
G
23%
V
23%
G
14%
Y
11%
Aucun quiz correspondant
Distribution des résultats
% des personnes avec chaque résultat
Percentile par nombre de réponses
Votre historique - résultats
Vous n’avez pas pris ce quiz